El espectro de la contaminación ambiental en Costa Rica

Salvato in:
Dettagli Bibliografici
Ente Autore: Instituto del Libro
Natura: Libro
Lingua:Spanish
Pubblicazione: San José, Costa Rica: Minisde Cultura, Juventud y Deportes, 1984.
Soggetti:
Tags: Aggiungi Tag
Nessun Tag, puoi essere il primo ad aggiungerne!!

MARC

LEADER 00000nam a22000007a 4500
008 150506s1984 cr |||| |||| 000 0 spa d
040 |a CRU CIICLA 
041 |a spa 
082 |a 363.179  |b E77e 
110 1 |a Instituto del Libro 
245 1 3 |a El espectro de la contaminación ambiental en Costa Rica 
260 |a San José, Costa Rica:  |b Minisde Cultura, Juventud y Deportes,  |c 1984. 
300 |a 11 páginas 
650 1 4 |a CONTAMINACION AMBIENTAL  |z COSTA RICA 
942 |2 ddc  |c BK 
999 |c 4080  |d 4080